Selekcjonerzy reprezentacji Polski - nagła śmierć - Statystyki

Ogólne statystyki
  • Ten quiz został rozwiązany 566 razy
    159 od ostatniego zresetowania
  • Średni wynik to 12 z 21
Answers on the Grid
Answers color-coded by a green-red scale on the quiz's grid according to % correct below.
Michniewicz
Vuković
Wójcik
Stevens
Boniek
Siemieniec
Kasperczak
Stolarczyk
Moskal
Nawałka
Feio
Santos
Piechniczek
Sá Pinto
Czerczesow
Cannavaro
Fornalik
Probierz
Bento
Stokowiec
Sousa
Wdowczyk
Cmikiewicz
Smuda
Brzęczek
Magiera
Brosz
Engel
Gmoch
Zieliński
Beenhakker
Skorża
Janas
Urban
Kulesza
Lato
Majewski
Górski
Runjaic
Strejlau
 
Statystyki odpowiedzi
Odpowiedź % Poprawnych
Michniewicz
93%
Boniek
77%
Nawałka
75%
Brzęczek
68%
Probierz
68%
Sousa
67%
Santos
65%
Smuda
63%
Urban
62%
Beenhakker
61%
Fornalik
60%
Engel
59%
Górski
59%
Wójcik
57%
Janas
54%
Piechniczek
54%
Gmoch
44%
Strejlau
43%
Majewski
40%
Cmikiewicz
25%
Kulesza
20%
Nie znaleziono quizów pasujących do podanych kryteriów
Rozkład punktacji
Procent ludzi z każdym wynikiem
Percentyl według liczby udzielonych odpowiedzi
Twoja historia wyników
Nie rozwiązałeś tego quizu od ostatniego zresetowania